书目信息 |
| 题名: |
希有气体、氢、碱金属
|
|
| 作者: | 冯光熙 | |
| 分册: | ||
| 出版信息: | 北京 科学出版社 1998 |
|
| 页数: | 563 | |
| 开本: | 20cm | |
| 丛书名: | 无机化学丛书 | |
| 单 册: | ||
| 中图分类: | O612 | |
| 科图分类: | ||
| 主题词: | 无机化学 | |
| 电子资源: | ||
| ISBN: | 7-03-006738-X | |
| 000 | 00580nam0 2200205 450 | |
| 001 | 0754114953 | |
| 005 | 20070929150154.95 | |
| 010 | @a7-03-006738-X | |
| 100 | @a20070929d km y0chiy0120 ea | |
| 101 | 0 | @achi |
| 200 | 1 | @a希有气体、氢、碱金属@Axi you qi ti、qing、jian jin shu@f冯光熙 等@Ffeng guang xi deng |
| 210 | @a北京@c科学出版社@d1998 | |
| 215 | @a563@c插图@d20cm | |
| 225 | 2 | @a无机化学丛书 |
| 410 | 0 | @12001 @a无机化学丛书 |
| 606 | 0 | @a无机化学 |
| 690 | @aO612@v3 | |
| 701 | 0 | @a冯光熙@Afeng guang xi |
| 801 | 0 | @aCN@bPFT@c20070929 |
| 905 | @a213230@dO612@eh22:1@f1 | |
| 希有气体、氢、碱金属/冯光熙 等.-北京:科学出版社,1998 |
| 563:插图;20cm.-(无机化学丛书) |
| ISBN 7-03-006738-X: |
| ● |
| 相关链接 |
|
|
|
|
正题名:希有气体、氢、碱金属
索取号:O612/h22:1
 
预约/预借
| 序号 | 登录号 | 条形码 | 馆藏地/架位号 | 状态 | 备注 |
| 1 | 6000098 | 260000983 | 密集书库-化学系/ [索取号:O612/h22:1] | 在馆 |